000 00717nam a2200241Ia 4500
003 OSt
005 20221007080023.0
006 a|||||r|||| 00| 0
007 ta
008 221006b |||||||| |||| 00| 0 eng d
020 _a3789382823667
024 _a44,478
037 _cTextual
040 _aFLL
_cFLL
_beng
041 _2eng
_aeng
082 _aZ2,81,11, Q7
100 _aKUMAR Shailendra
245 0 _aAppointment of judges in the supreme court of India
_b Constitution, convention and controversies
260 _aNew Delhi
_bSatyam Law International India
_c2017
300 _axvii,161p.
_ccm.
942 _hZ2,81,11, Q7
_cTEXL
_2CC
999 _c1158142
_d1158142